000
00245nam a2200097Ia 4500
001
840577
005
20250826173149.0
008
250824s9999 xx 000 0 und d
245
0
_a
MUHTEŞEM MEKANLAR
_c
ASENA MERİÇ
260
_b
YEDİVEREN YAYINLARI
999
_c
840577
_d
840577